• 首页
  • 本馆介绍
  • 公告通知
  • 最新文献
  • 馆藏检索
  • 电子资源
  • 读者导购
  • 参考咨询
  • 我的图书馆
  • 登录
  • 详细信息显示
  • 放入我的书架
  • 预约/预借图书
  • 作者相关作品
  • 分类相关作品
  • 丛书相关作品
  • 出版社相关作品

书目信息

  • 表格格式
  • 工作单格式
  • 卡片格式
题名:
智囊
    
 
作者: 冯梦龙, 著 ;郝忠深 点评
分册: 上  
出版信息: 北京   东方出版社  2019
页数: 275页
开本: 22cm
丛书名:
单 册:
中图分类: I242.1
科图分类:
主题词: 笔记小说--Bi Ji Xiao Shuo--小说集--中国--明代
电子资源:
ISBN: 978-7-5207-0640-7
000 01150nam0 2200253 450
001 2139435365
005 20210104150750.78
010    @a978-7-5207-0640-7@b精装@dCNY44.00
099    @aCAL 012019038699
100    @a20190301d2019 em y0chiy50 ea
101 0  @achi
102    @aCN@b110000
105    @ay z 000ay
200 1  @a智囊@Azhi nang@h上@f(明)冯梦龙著@g郝忠深点评
210    @a北京@c东方出版社@d2019
215    @a275页@d22cm
330    @a历史智慧是启迪今人智慧的钥匙。“智足以周知”(苏轼语),有了智慧,就可以把握万物共有的本质规律,就可以对许多事物有明澈的认识。当今是一个竞争激烈的时代,更需要有高度的智慧和谋略,才能捷足先登、独占鳌头。有感于此,本着古为今用、推陈出新的原则,我们把《智囊》一书,整理出版,用现代汉语翻译,删掉了其中有明显宣扬封建糟粕的一些章节,又吸纳了《智囊补》内容。《智慧补》系冯梦龙在《智囊》成书后,经过数年刻意搜寻,又补充的大量故事。
333    @a小说爱好者
606 0  @a笔记小说@ABi Ji Xiao Shuo@x小说集@y中国@z明代
690    @aI242.1@v5
701  0 @a冯梦龙,@Afeng meng long@f(1574-1646)@4著
702  0 @a郝忠深@Ahao zhong shen@4点评
801  0 @aCN@b人天书店@c20190301
905    @aMUSE@dI242.1@e52-1
    
    智囊.上/(明)冯梦龙著/郝忠深点评.-北京:东方出版社,2019
    275页;22cm
    使用对象:小说爱好者
    
    ISBN 978-7-5207-0640-7(精装):CNY44.00
    历史智慧是启迪今人智慧的钥匙。“智足以周知”(苏轼语),有了智慧,就可以把握万物共有的本质规律,就可以对许多事物有明澈的认识。当今是一个竞争激烈的时代,更需要有高度的智慧和谋略,才能捷足先登、独占鳌头。有感于此,本着古为今用、推陈出新的原则,我们把《智囊》一书,整理出版,用现代汉语翻译,删掉了其中有明显宣扬封建糟粕的一些章节,又吸纳了《智囊补》内容。《智慧补》系冯梦龙在《智囊》成书后,经过数年刻意搜寻,又补充的大量故事。
●
相关链接 在五车中查询图书 在当当中查询图书 在豆瓣中查询图书


正题名:智囊     索取号:I242.1/52-1         预约/预借

序号 登录号 条形码 馆藏地/架位号 状态 备注
1 2000878181   2000878181   第一书库/ [索取号:I242.1/52-1] 在馆    
2 2000878182   2000878182   第一书库/ [索取号:I242.1/52-1] 在馆    
3 2000878183   2000878183   第一书库/ [索取号:I242.1/52-1] 在馆    
山东省滨州职业学院图书馆 欢迎您!
大连网信软件有限公司© 版权所有